[Event "XV C.to Europeo"]
[Site "Yerevan ARM"]
[Date "2014.03.12"]
[Round "9"]
[White "Givon, Asaf"]
[Black "Dvirnyy, Danyyil"]
[WhiteElo "2449"]
[BlackElo "2575"]
[Result "1/2-1/2"]
[PlyCount "93"]
[EventDate "2014.03.03"]

1. e4 e5 2. Nf3 Nc6 3. Bb5 a6 4. Ba4 Nf6 5. O-O b5 6. Bb3 Bc5 7. Nc3 O-O 8. d3
h6 9. Nd5 d6 10. c3 Rb8 11. d4 Ba7 12. Be3 Nxd5 13. Bxd5 exd4 14. cxd4 Ne7 15.
Bb3 Bb7 16. Qc2 Rc8 17. Rad1 Kh8 18. Rfe1 f5 19. d5 Bxe3 20. Rxe3 fxe4 21. Qxe4
Nf5 22. Bc2 g6 23. Qf4 g5 24. Qe4 Rf7 25. Re2 Qf6 26. Qg4 Ng7 27. h4 Qf4 28.
Re4 Qxg4 29. Rxg4 Rf4 30. Rxf4 gxf4 31. Bg6 Ne8 32. Rd4 Nf6 33. Rxf4 Rf8 34. a4
Bxd5 35. axb5 axb5 36. Bd3 Bxf3 37. Rxf3 b4 38. g4 Kg7 39. g5 hxg5 40. hxg5 Nd7
41. Rxf8 Nxf8 42. Bf5 Kf7 43. Kf1 Ne6 44. g6+ Kf6 45. Bxe6 Kxe6 46. f4 Kf6 47.
f5 1/2-1/2

[Event "XV C.to Europeo"]
[Site "Yerevan ARM"]
[Date "2014.03.12"]
[Round "9"]
[White "Mnatsakanian, Eduard A."]
[Black "Codenotti, Marco"]
[WhiteElo "2144"]
[BlackElo "2362"]
[Result "0-1"]
[PlyCount "60"]
[EventDate "2014.03.03"]

1. e4 c5 2. Nf3 d6 3. d4 cxd4 4. Nxd4 Nf6 5. Nc3 a6 6. Bg5 Nbd7 7. Qf3 Qa5 8.
Bd2 Qb6 9. Nb3 e6 10. Qg3 Qc7 11. Bd3 Be7 12. O-O O-O 13. Bh6 Ne8 14. Bg5 Bxg5
15. Qxg5 b5 16. a3 Bb7 17. Qe3 Nef6 18. Rfe1 Rfe8 19. Rad1 e5 20. Bf1 Rad8 21.
Rd2 Nb6 22. Red1 g6 23. f3 Kg7 24. Qf2 Rd7 25. Nc1 h5 26. N1a2 d5 27. exd5
Nbxd5 28. Nxd5 Rxd5 29. Rxd5 Nxd5 30. Nb4 Nf6 0-1

[Event "XV C.to Europeo"]
[Site "Yerevan ARM"]
[Date "2014.03.13"]
[Round "10"]
[White "Brunello, Sabino"]
[Black "Petrosian, Davit Gevorgi"]
[WhiteElo "2593"]
[BlackElo "2431"]
[Result "1-0"]
[PlyCount "101"]
[EventDate "2014.03.03"]

1. d4 Nf6 2. c4 g6 3. Nc3 Bg7 4. e4 d6 5. f3 O-O 6. Be3 c5 7. Nge2 Nc6 8. d5
Ne5 9. Ng3 e6 10. Be2 exd5 11. cxd5 a6 12. a4 Bd7 13. O-O b5 14. h3 Nc4 15.
Bxc4 bxc4 16. f4 Re8 17. Qf3 Rb8 18. e5 Rxb2 19. exf6 Qxf6 20. Nce4 Qe7 21.
Rae1 f5 22. Nd2 Qf6 23. Nxc4 Rb3 24. Qf2 Bxa4 25. Bd2 Qd4 26. Rxe8+ Bxe8 27.
Nxd6 Qxd5 28. Nxe8 Bd4 29. Kh1 h5 30. Be3 Bxe3 31. Qxe3 Rxe3 32. Nf6+ Kf7 33.
Nxd5 Rd3 34. Nc7 Rxg3 35. Rc1 Ra3 36. Rxc5 Ra4 37. Rc6 Rxf4 38. Rxa6 Re4 39.
Nd5 h4 40. Kg1 Kg7 41. Kf2 g5 42. Ne3 Rf4+ 43. Ke2 g4 44. Rc6 Re4 45. Rc4 Rxc4
46. Nxc4 Kf6 47. Ke3 Kg5 48. Ne5 f4+ 49. Ke4 f3 50. Nxf3+ gxf3 51. gxf3 1-0

[Event "XV C.to Europeo"]
[Site "Yerevan ARM"]
[Date "2014.03.13"]
[Round "10"]
[White "Codenotti, Marco"]
[Black "Mkrtchian, Lilit"]
[WhiteElo "2362"]
[BlackElo "2465"]
[Result "1/2-1/2"]
[PlyCount "86"]
[EventDate "2014.03.03"]

1. e4 e6 2. d4 d5 3. Nd2 Nf6 4. e5 Nfd7 5. Bd3 c5 6. c3 Nc6 7. Ne2 cxd4 8. cxd4
f6 9. exf6 Qxf6 10. Nf3 h6 11. O-O Bd6 12. b3 e5 13. dxe5 Ndxe5 14. Nxe5 Bxe5
15. Rb1 O-O 16. f4 Nb4 17. Rf3 Bd4+ 18. Kh1 Nxd3 19. Rxd3 Bg4 20. Rxd4 Bxe2 21.
Qg1 Qf5 22. Ba3 Rfe8 23. Bd6 Bd3 24. Rd1 Be4 25. Be5 Rac8 26. R4d2 b6 27. Qd4
Qg4 28. Kg1 Rc6 29. h3 Qg3 30. Qf2 Qg6 31. Kh2 Re7 32. Re1 Qf5 33. Qd4 h5 34.
Re3 h4 35. Rc3 Ree6 36. Rxc6 Rxc6 37. Rf2 Rg6 38. Qa4 Rg3 39. Qe8+ Kh7 40. Qe7
Qh5 41. f5 Bxg2 42. Rxg2 Rxg2+ 43. Kxg2 Qe2+ 1/2-1/2

[Event "XV C.to Europeo"]
[Site "Yerevan ARM"]
[Date "2014.03.13"]
[Round "10"]
[White "Dvirnyy, Danyyil"]
[Black "Nadanian, Ashot"]
[WhiteElo "2575"]
[BlackElo "2399"]
[Result "0-1"]
[PlyCount "64"]
[EventDate "2014.03.03"]

1. c4 e6 2. g3 d5 3. Bg2 Nf6 4. Nf3 Be7 5. O-O O-O 6. b3 c5 7. e3 Nc6 8. Bb2 b6
9. Nc3 Bb7 10. cxd5 Nxd5 11. Nxd5 Qxd5 12. d4 Na5 13. dxc5 Bxc5 14. Qxd5 Bxd5
15. Ne5 Bxg2 16. Kxg2 Rfd8 17. Rfd1 f6 18. Nd3 Be7 19. Rac1 Rac8 20. Nf4 Rxc1
21. Rxc1 e5 22. Ne6 Rd6 23. Nc7 Rd2 24. Rb1 Nb7 25. a4 Rd3 26. Ba1 Nc5 27. b4
Ne4 28. Kf3 Ng5+ 29. Ke2 e4 30. Nb5 Nf3 31. Nxa7 Rd2+ 32. Kf1 Rd7 0-1

[Event "XV C.to Europeo"]
[Site "Yerevan ARM"]
[Date "2014.03.14"]
[Round "11"]
[White "Codenotti, Marco"]
[Black "Gabrielian, Artur"]
[WhiteElo "2362"]
[BlackElo "2560"]
[Result "1-0"]
[PlyCount "107"]
[EventDate "2014.03.03"]

1. e4 c5 2. Nf3 e6 3. d4 cxd4 4. Nxd4 Nf6 5. Nc3 d6 6. g4 Nc6 7. g5 Nd7 8. Be3
Be7 9. Rg1 O-O 10. Qh5 g6 11. Qh6 Re8 12. O-O-O Bf8 13. Qh4 a6 14. Qg3 Nxd4 15.
Bxd4 b5 16. h4 b4 17. Ne2 Bb7 18. Bg2 Rc8 19. Kb1 Qc7 20. Rc1 Qc4 21. Qd3 Qxd3
22. cxd3 Nc5 23. Bxc5 dxc5 24. e5 Bxg2 25. Rxg2 Red8 26. Rg3 c4 27. Rxc4 Rxc4
28. dxc4 Rd2 29. Nc1 Rd4 30. b3 Rxh4 31. Nd3 Be7 32. c5 Kf8 33. c6 Ke8 34. Rf3
Bd8 35. Nc5 Rh1+ 36. Kb2 Bc7 37. Nxa6 Bxe5+ 38. Kc2 Ra1 39. c7 Rxa2+ 40. Kd3
Bxc7 41. Nxc7+ Ke7 42. Nb5 Ra1 43. Nd4 Rc1 44. Nc2 Rg1 45. Rg3 Rb1 46. Kd2 f6
47. Rh3 fxg5 48. Rxh7+ Kf6 49. Rh3 g4 50. Rg3 e5 51. Nxb4 Rf1 52. Ke2 Rb1 53.
Nc2 e4 54. Ne3 1-0

[Event "XV C.to Europeo"]
[Site "Yerevan ARM"]
[Date "2014.03.14"]
[Round "11"]
[White "Schreiner, Peter"]
[Black "Brunello, Sabino"]
[WhiteElo "2455"]
[BlackElo "2593"]
[Result "1-0"]
[PlyCount "61"]
[EventDate "2014.03.03"]

1. d4 Nf6 2. Nf3 e6 3. c4 c5 4. d5 d6 5. Nc3 exd5 6. cxd5 g6 7. h3 Bg7 8. e4
O-O 9. Bd3 b5 10. Nxb5 Nxe4 11. Bxe4 Re8 12. Ng5 h6 13. Ne6 Qa5+ 14. Nc3 Bxc3+
15. bxc3 Qxc3+ 16. Bd2 Qc4 17. Qf3 Bxe6 18. Rc1 Qd4 19. Bc3 Bg4 20. hxg4 Qxe4+
21. Kd2 Qxf3 22. gxf3 Kh7 23. f4 h5 24. gxh5 Nd7 25. Rcg1 g5 26. fxg5 Nb6 27.
g6+ Kh6 28. gxf7 Rf8 29. Rg6+ Kh7 30. Rg7+ Kh6 31. Rhg1 1-0

[Event "XV C.to Europeo"]
[Site "Yerevan ARM"]
[Date "2014.03.14"]
[Round "11"]
[White "Simonian, Tigran"]
[Black "Dvirnyy, Danyyil"]
[WhiteElo "2425"]
[BlackElo "2575"]
[Result "1/2-1/2"]
[PlyCount "80"]
[EventDate "2014.03.03"]

1. d4 d5 2. c4 e6 3. Nc3 Be7 4. Nf3 Nf6 5. Bf4 O-O 6. e3 c6 7. a3 Nbd7 8. h3 b6
9. cxd5 exd5 10. Bd3 Bb7 11. O-O a6 12. Rc1 c5 13. dxc5 Nxc5 14. Nd4 g6 15. Bb1
Rc8 16. Qe2 Qd7 17. Rfd1 Rfe8 18. Ba2 Bf8 19. Nf3 Nce4 20. Be5 Qf5 21. Bd4 b5
22. Bb1 Qh5 23. Qf1 g5 24. Nxe4 Nxe4 25. Bd3 f5 26. Be2 Qh6 27. Ne5 Bd6 28.
Rxc8 Bxc8 29. Rc1 g4 30. f4 gxf3 31. Qxf3 Bxe5 32. Bxe5 Rxe5 33. Rxc8+ Kg7 34.
Rc7+ Kg8 35. Rc8+ Kg7 36. Rc7+ Kg8 37. Rc8+ Kg7 38. Rc7+ Kg8 39. Rc8+ Kg7 40.
Rc7+ Kg8 1/2-1/2

[Event "Open Pasqua"]
[Site "Arco ITA"]
[Date "2014.04.06"]
[Round "1"]
[White "De Santis, Alessio"]
[Black "Catalfamo, Santo"]
[WhiteElo "2285"]
[BlackElo "1758"]
[Result "1-0"]
[PlyCount "67"]
[EventDate "2014.04.06"]

1. g3 e5 2. Bg2 Nf6 3. c4 c6 4. Qa4 Na6 5. Nf3 Qc7 6. O-O Rb8 7. d4 exd4 8.
Nxd4 d6 9. Nc3 Be7 10. Nd5 Nxd5 11. cxd5 b5 12. Qb3 c5 13. Nxb5 Qb6 14. a4 O-O
15. Bd2 Nc7 16. Qe3 Bf6 17. Bc3 Bxc3 18. bxc3 Re8 19. Qf4 Nxb5 20. axb5 a6 21.
bxa6 Bxa6 22. Be4 Bxe2 23. Rfb1 Qc7 24. Rxb8 Rxb8 25. Bxh7+ Kxh7 26. Qe4+ Kg8
27. Qxe2 Qb7 28. c4 Ra8 29. Re1 Qb4 30. Qe4 Qc3 31. Kg2 g6 32. Re3 Qb2 33. Qf4
Qb6 34. Re7 1-0

[Event "Open Pasqua"]
[Site "Arco ITA"]
[Date "2014.04.06"]
[Round "1"]
[White "Maddaloni, Giovanni"]
[Black "Gromovs, Sergejs"]
[WhiteElo "1736"]
[BlackElo "2219"]
[Result "0-1"]
[PlyCount "60"]
[EventDate "2014.04.06"]

1. e4 d6 2. d4 Nf6 3. Nc3 g6 4. Bg5 c6 5. f4 Bg7 6. Qd2 O-O 7. O-O-O b5 8. e5
b4 9. Bxf6 bxc3 10. Qxc3 exf6 11. Nf3 Bg4 12. Be2 fxe5 13. dxe5 d5 14. Rhe1 Qb6
15. Qd4 Bxf3 16. Bxf3 Qxd4 17. Rxd4 Na6 18. Kb1 Nc7 19. g3 a5 20. h4 a4 21. a3
f6 22. exf6 Bxf6 23. Rb4 Rfb8 24. c3 c5 25. Rxb8+ Rxb8 26. Kc2 d4 27. Bc6 dxc3
28. bxc3 Rb3 29. Re4 Rxc3+ 30. Kd2 Rxa3 0-1

[Event "Open Pasqua"]
[Site "Arco ITA"]
[Date "2014.04.06"]
[Round "1"]
[White "Menon, Michele"]
[Black "Popa, Claudiu"]
[WhiteElo "1725"]
[BlackElo "2105"]
[Result "0-1"]
[PlyCount "124"]
[EventDate "2014.04.06"]

1. Nf3 Nf6 2. c4 e6 3. Nc3 d5 4. cxd5 exd5 5. g3 c6 6. d4 Bb4 7. Bd2 O-O 8. Bg2
Nbd7 9. O-O Re8 10. a3 Bxc3 11. Bxc3 Ne4 12. e3 Nxc3 13. bxc3 Nb6 14. Nd2 Bf5
15. Re1 Qc7 16. Qb3 Rad8 17. e4 dxe4 18. Bxe4 Bxe4 19. Rxe4 Rxe4 20. Nxe4 Nd5
21. Ng5 h6 22. Nf3 Qa5 23. Rc1 Qb6 24. Qc2 Nf6 25. Ne5 c5 26. Rd1 cxd4 27. cxd4
Nd5 28. Qf5 Qf6 29. Qc2 Qe6 30. Re1 f6 31. Nd3 Qg4 32. Qb2 b6 33. Nb4 Nxb4 34.
Qxb4 Qxd4 35. Re8+ Kh7 36. Rxd8 Qxd8 37. Qe4+ Kh8 38. Qb7 a5 39. Qc6 Qd4 40.
Qc8+ Kh7 41. Qf5+ Kg8 42. Qc8+ Kf7 43. Qc7+ Kg6 44. Qc2+ f5 45. Qc6+ Kh7 46. h4
Qa1+ 47. Kg2 Qxa3 48. h5 Qc5 49. Qg6+ Kg8 50. Qe8+ Qf8 51. Qe6+ Kh8 52. Qxb6
Qa8+ 53. Kh2 a4 54. Qb2 Qf3 55. Qb8+ Kh7 56. Qe8 Qxf2+ 57. Kh3 Qf1+ 58. Kh2 Qa6
59. Qd7 Qe2+ 60. Kg1 Qg4 61. Kg2 a3 62. Qf7 f4 0-1

[Event "Open Pasqua"]
[Site "Arco ITA"]
[Date "2014.04.06"]
[Round "1"]
[White "Sprotte, Norbert"]
[Black "Weinberg, Emanuele"]
[WhiteElo "2175"]
[BlackElo "1735"]
[Result "1-0"]
[PlyCount "69"]
[EventDate "2014.04.06"]

1. Nf3 Nf6 2. d4 e6 3. e3 c5 4. Bd3 d5 5. b3 Nbd7 6. O-O Be7 7. Bb2 O-O 8. Nbd2
b6 9. Ne5 Bb7 10. f4 Ne4 11. Nxe4 dxe4 12. Bc4 Nf6 13. Re1 a6 14. Bf1 Qc7 15.
c4 Rad8 16. Qe2 Nd7 17. g3 f5 18. Red1 Nxe5 19. fxe5 cxd4 20. Bxd4 Bc5 21. Bg2
Bxd4 22. exd4 Rd7 23. Qe3 b5 24. Rac1 Qd8 25. Rd2 h6 26. Rcd1 Qc7 27. Bf1 Qb6
28. a4 b4 29. a5 Qd8 30. d5 Qe7 31. dxe6 Rxd2 32. Qxd2 Qxe6 33. Qd7 Qxd7 34.
Rxd7 Rf7 35. e6 1-0

[Event "Open Pasqua"]
[Site "Arco ITA"]
[Date "2014.04.06"]
[Round "1"]
[White "Vaccari, Giorgio"]
[Black "Messina, Roberta"]
[WhiteElo "1699"]
[BlackElo "2081"]
[Result "0-1"]
[PlyCount "68"]
[EventDate "2014.04.06"]

1. e4 c5 2. Nc3 Nc6 3. g3 g6 4. Bg2 Bg7 5. d3 Nf6 6. f4 d6 7. Nf3 O-O 8. O-O e6
9. Kh1 Rb8 10. Be3 Ng4 11. Bg1 Nh6 12. Qd2 Qa5 13. Rad1 Nd4 14. e5 Nxf3 15.
Bxf3 dxe5 16. fxe5 Nf5 17. Qe2 Nd4 18. Bxd4 cxd4 19. Ne4 Qxe5 20. Qd2 Qc7 21.
Bg2 Qe7 22. Rde1 b6 23. Qe2 Bb7 24. Qf2 Rbc8 25. Nf6+ Bxf6 26. Bxb7 Qxb7+ 27.
Kg1 Bg7 28. Re2 Qd5 29. b3 Bh6 30. Qg2 Be3+ 31. Kh1 Qxg2+ 32. Kxg2 Rc5 33. Rf3
Rfc8 34. c4 dxc3 0-1

[Event "Open Pasqua"]
[Site "Arco ITA"]
[Date "2014.04.06"]
[Round "1"]
[White "Ventura, Sergio"]
[Black "Baratieri, Francesco"]
[WhiteElo "2100"]
[BlackElo "1703"]
[Result "1-0"]
[PlyCount "91"]
[EventDate "2014.04.06"]

1. f4 d5 2. Nf3 Nf6 3. e3 g6 4. c4 c6 5. Nc3 Bg7 6. d4 Bf5 7. Bd3 e6 8. O-O O-O
9. b3 Ne4 10. Bxe4 Bxe4 11. Nxe4 dxe4 12. Ng5 Nd7 13. Nxe4 Nf6 14. Nf2 Qa5 15.
Bd2 Qb6 16. Qc2 c5 17. Bc3 Rfd8 18. Rad1 Qc7 19. a4 a6 20. Qb2 cxd4 21. Bxd4
Ne8 22. Bxg7 Nxg7 23. Ng4 h5 24. Nf6+ Kh8 25. h3 Qc5 26. Kf2 b5 27. cxb5 axb5
28. b4 Qc4 29. a5 Rd3 30. Rxd3 Qxd3 31. Rc1 Rd8 32. g4 h4 33. Qc3 Qd6 34. Ne4
Qe7 35. Qf6 Qxf6 36. Nxf6 Ne8 37. Nxe8 Rxe8 38. Rc7 Rd8 39. Rb7 Rd2+ 40. Kg1
Rd1+ 41. Kf2 Rd2+ 42. Kf3 Rh2 43. Rxb5 f5 44. gxf5 exf5 45. a6 Rxh3+ 46. Kg2
1-0

[Event "Open Pasqua"]
[Site "Arco ITA"]
[Date "2014.04.07"]
[Round "2"]
[White "Gromovs, Sergejs"]
[Black "Wagner, Frank"]
[WhiteElo "2219"]
[BlackElo "1918"]
[Result "1-0"]
[PlyCount "79"]
[EventDate "2014.04.06"]

1. d4 b6 2. c4 e6 3. a3 Bb7 4. Nc3 Nf6 5. d5 e5 6. Nf3 d6 7. e4 Be7 8. Bd3 O-O
9. O-O Bc8 10. b4 a5 11. Bd2 Bg4 12. h3 Bh5 13. g4 Bg6 14. Qc2 Qd7 15. Nh2 h5
16. f3 Nh7 17. Kg2 Na6 18. Ne2 a4 19. Nc3 Bg5 20. Bxg5 Nxg5 21. Qxa4 Qc8 22.
Qc2 hxg4 23. hxg4 f6 24. Ne2 Qe8 25. Ng3 Kf7 26. c5 Rh8 27. cxb6 cxb6 28. Bxa6
Rxa6 29. Qc7+ Kg8 30. Qxd6 Qa4 31. Rac1 Ra8 32. Nf5 Bxf5 33. gxf5 Qxa3 34. Qc6
Rf8 35. Qc3 Qa6 36. Qc4 b5 37. Qb3 Rh5 38. Ng4 Rc8 39. d6+ Kh7 40. Rh1 1-0

[Event "Open Pasqua"]
[Site "Arco ITA"]
[Date "2014.04.07"]
[Round "2"]
[White "Messina, Roberta"]
[Black "De Santis, Alessio"]
[WhiteElo "2081"]
[BlackElo "2285"]
[Result "0-1"]
[PlyCount "64"]
[EventDate "2014.04.06"]

1. c4 f5 2. g3 Nf6 3. Bg2 e5 4. d3 Bb4+ 5. Nc3 O-O 6. a3 Bxc3+ 7. bxc3 Nc6 8.
Nf3 d6 9. O-O Qe8 10. Bg5 b6 11. Qa4 Bb7 12. c5 Nd4 13. Qxe8 Nxe2+ 14. Kh1
Raxe8 15. Bd2 e4 16. Nh4 Ba6 17. cxd6 cxd6 18. Nxf5 exd3 19. Ne3 Ne4 20. Bxe4
Rxe4 21. h4 Bb7 22. Kh2 d5 23. Ng2 d4 24. cxd4 Nxd4 25. Be3 Nf3+ 26. Kh1 h6 27.
Rfd1 Nxh4 28. gxh4 Rg4 29. Rxd3 Bxg2+ 30. Kh2 Rf3 31. Bf4 Rxd3 32. Bg3 Bf3 0-1

[Event "Open Pasqua"]
[Site "Arco ITA"]
[Date "2014.04.07"]
[Round "2"]
[White "Poletti, Fausto"]
[Black "Sprotte, Norbert"]
[WhiteElo "1896"]
[BlackElo "2175"]
[Result "0-1"]
[PlyCount "62"]
[EventDate "2014.04.06"]

1. c4 Nf6 2. Nc3 e6 3. e4 d5 4. e5 d4 5. exf6 dxc3 6. bxc3 Qxf6 7. d4 c5 8. Nf3
cxd4 9. cxd4 Bb4+ 10. Bd2 Bxd2+ 11. Qxd2 O-O 12. Be2 b6 13. O-O Bb7 14. Ne5 Rd8
15. Bf3 Bxf3 16. Nxf3 Nc6 17. Rad1 Nxd4 18. Nxd4 e5 19. Qc2 Rxd4 20. Rxd4 exd4
21. Qe4 Rd8 22. Rd1 d3 23. f3 Qc3 24. Qe7 Qd4+ 25. Kf1 g6 26. h3 Rc8 27. Qa3
Qxc4 28. Rxd3 Rd8 29. Ke2 Rxd3 30. Qxd3 Qxa2+ 31. Ke3 Qe6+ 0-1

[Event "Open Pasqua"]
[Site "Arco ITA"]
[Date "2014.04.07"]
[Round "2"]
[White "Popa, Claudiu"]
[Black "Bortolotti, Silvano"]
[WhiteElo "2105"]
[BlackElo "1830"]
[Result "1-0"]
[PlyCount "73"]
[EventDate "2014.04.06"]

1. e4 b6 2. d4 Bb7 3. f3 e6 4. Be3 Nf6 5. Nd2 d6 6. Bd3 Nbd7 7. Ne2 g6 8. O-O
Bg7 9. c3 O-O 10. Ng3 c5 11. Qe2 d5 12. e5 c4 13. Bxc4 dxc4 14. exf6 Nxf6 15.
Qxc4 Nd5 16. Qe2 a5 17. Qf2 b5 18. Nb3 a4 19. Nc5 Bc6 20. a3 Nxe3 21. Qxe3 Qd5
22. Rad1 Rfe8 23. Nd3 Bb7 24. Qe4 Rad8 25. Qxd5 Bxd5 26. f4 Bb3 27. Rde1 Bc4
28. Rf3 Bd5 29. Rf2 h5 30. Ne4 f5 31. Ng5 Bf6 32. h4 Bxg5 33. hxg5 Kg7 34. g3
Re7 35. Re5 Kf7 36. Nb4 Rde8 37. Nxd5 1-0

[Event "Open Pasqua"]
[Site "Arco ITA"]
[Date "2014.04.07"]
[Round "2"]
[White "Pretto, Aldo"]
[Black "Ventura, Sergio"]
[WhiteElo "1761"]
[BlackElo "2100"]
[Result "0-1"]
[PlyCount "52"]
[EventDate "2014.04.06"]

1. e4 d6 2. d4 c6 3. Nc3 Nf6 4. f4 g6 5. Nf3 Bg7 6. Bd3 O-O 7. O-O b5 8. h3 a5
9. Be3 b4 10. Ne2 Ba6 11. Qe1 Nbd7 12. a3 c5 13. Bxa6 Rxa6 14. Ng3 Qa8 15. e5
Nd5 16. Bd2 N7b6 17. Qe2 Rc8 18. f5 cxd4 19. fxg6 hxg6 20. Ng5 Rxc2 21. Nxf7
Ne3 22. Qf2 dxe5 23. Nh6+ Bxh6 24. Qf7+ Kh8 25. Rf2 Nbc4 26. Qxg6 Rxg6 0-1

[Event "Open Pasqua"]
[Site "Arco ITA"]
[Date "2014.04.07"]
[Round "2"]
[White "Simeone, Giulio"]
[Black "De Nisi, Giuseppe"]
[WhiteElo "1992"]
[BlackElo "1775"]
[Result "1-0"]
[PlyCount "97"]
[EventDate "2014.04.06"]

1. c4 Nf6 2. Nc3 g6 3. e4 d6 4. d4 Bg7 5. Be3 c6 6. Nf3 O-O 7. Be2 Ng4 8. Bg5
f5 9. exf5 Bxf5 10. Qb3 Qc7 11. O-O e5 12. h3 Nf6 13. c5+ Rf7 14. cxd6 Qxd6 15.
dxe5 Qd7 16. exf6 Be6 17. Qd1 Bxf6 18. Bxf6 Rxf6 19. Qxd7 Nxd7 20. Rfd1 Raf8
21. Rd6 Nb6 22. Ng5 Bc4 23. Rxf6 Rxf6 24. Bxc4+ Nxc4 25. b3 Nd6 26. Nge4 Nxe4
27. Nxe4 Re6 28. Nc3 b5 29. b4 a6 30. Kf1 Re5 31. Re1 Rf5 32. g4 Rf6 33. Re8+
Kf7 34. Rc8 h6 35. Rc7+ Ke8 36. Ke2 Kd8 37. Ra7 Re6+ 38. Kd3 Rd6+ 39. Ke3 Re6+
40. Ne4 Kc8 41. Rxa6 Kb7 42. Ra3 Re8 43. Rd3 Re6 44. Rd6 Rxd6 45. Nxd6+ Kc7 46.
Nf7 h5 47. Ne5 hxg4 48. hxg4 g5 49. Nf7 1-0

[Event "Open Pasqua"]
[Site "Arco ITA"]
[Date "2014.04.08"]
[Round "3"]
[White "Bortolotti, Silvano"]
[Black "Dappiano, Andrea"]
[WhiteElo "1830"]
[BlackElo "2172"]
[Result "0-1"]
[PlyCount "117"]
[EventDate "2014.04.06"]

1. Nf3 d6 2. g3 e5 3. d3 f5 4. e4 Nf6 5. exf5 Bxf5 6. Nh4 Be6 7. Bg2 Nc6 8. O-O
Be7 9. f4 O-O 10. f5 Bf7 11. c3 d5 12. h3 Nh5 13. Qg4 Bxh4 14. gxh4 Nf6 15. Qg3
Kh8 16. Bg5 h6 17. Bd2 Qd7 18. Na3 Rae8 19. Rad1 Bh5 20. Rde1 Re7 21. Nc2 Ref7
22. Ne3 e4 23. Ng4 exd3 24. Nxf6 Rxf6 25. Qxd3 Rxf5 26. Rxf5 Qxf5 27. Qg3 Qc2
28. Qe3 Re8 29. Qf2 Rxe1+ 30. Bxe1 Qxf2+ 31. Bxf2 Bf7 32. Bg3 Ne7 33. Bxc7 Nf5
34. Bd8 Kg8 35. Kf2 Kf8 36. Bc7 Nxh4 37. Bf1 Ke7 38. Bb8 a6 39. a4 Nf5 40. Bd3
Nd6 41. Ba7 g5 42. Be3 Be6 43. h4 gxh4 44. Bxh6 Kf6 45. a5 Bf5 46. Bf4 Ne4+ 47.
Bxe4 dxe4 48. Ke3 Bg6 49. c4 Kf5 50. b4 Bf7 51. c5 Bc4 52. Bh2 h3 53. Kf2 Ke6
54. Ke3 Kd5 55. Kf4 Bd3 56. Bg1 Kc4 57. Kg3 Bf1 58. Kf4 Bg2 59. Kg3 0-1

[Event "Open Pasqua"]
[Site "Arco ITA"]
[Date "2014.04.08"]
[Round "3"]
[White "De Nisi, Giuseppe"]
[Black "Messina, Roberta"]
[WhiteElo "1775"]
[BlackElo "2081"]
[Result "0-1"]
[PlyCount "112"]
[EventDate "2014.04.06"]

1. d4 d5 2. c4 e6 3. cxd5 exd5 4. Nc3 Nf6 5. Bg5 c6 6. e3 Nbd7 7. Be2 Qa5 8.
Bd3 Ne4 9. Bxe4 dxe4 10. Bf4 Nf6 11. Nge2 Nd5 12. O-O Nxf4 13. Nxf4 Bf5 14. g4
Bg6 15. Nxg6 hxg6 16. Nxe4 f5 17. Ng3 O-O-O 18. gxf5 gxf5 19. Qc2 g6 20. f4 Bb4
21. Rf2 Rde8 22. Qe2 Rh7 23. a3 Bd6 24. b4 Bxb4 25. Nf1 Bc3 26. Rd1 Qd5 27. Qd3
Ba5 28. Rc1 Bb6 29. Qc4 Rd7 30. Qxd5 Rxd5 31. a4 Kb8 32. Rb2 g5 33. fxg5 f4 34.
h4 fxe3 35. Re2 Rxd4 36. Rce1 Rxh4 37. Nxe3 Rg4+ 38. Kh1 Bxe3 39. Rh2 Rf8 40.
g6 Rxg6 41. a5 Rfg8 42. Rh7 Rh6+ 43. Rxh6 Bxh6 44. Re7 Bd2 45. Re5 Kc8 46. Rf5
Rg7 47. Rf6 Bxa5 48. Rf5 Bd8 49. Rf8 a5 50. Rf5 b5 51. Rc5 Kb7 52. Rf5 a4 53.
Rf8 Be7 54. Rf4 b4 55. Rd4 b3 56. Rd6 Rg1+ 0-1

[Event "Open Pasqua"]
[Site "Arco ITA"]
[Date "2014.04.08"]
[Round "3"]
[White "De Santis, Alessio"]
[Black "Popa, Claudiu"]
[WhiteElo "2285"]
[BlackElo "2105"]
[Result "1/2-1/2"]
[PlyCount "37"]
[EventDate "2014.04.06"]

1. Nf3 d5 2. g3 g6 3. c4 dxc4 4. Na3 Bg7 5. Nxc4 Nc6 6. Bg2 e5 7. d3 Nge7 8.
O-O O-O 9. Bg5 f6 10. Bd2 Be6 11. Rc1 Qd7 12. Qc2 Rab8 13. Na5 Nxa5 14. Bxa5 b6
15. Bd2 c5 16. b4 Rfc8 17. bxc5 Rxc5 18. Qb2 Rbc8 19. Rxc5 1/2-1/2

[Event "Open Pasqua"]
[Site "Arco ITA"]
[Date "2014.04.08"]
[Round "3"]
[White "Domsgen, Gerd Bernd"]
[Black "Simeone, Giulio"]
[WhiteElo "2060"]
[BlackElo "1992"]
[Result "1-0"]
[PlyCount "63"]
[EventDate "2014.04.06"]

1. e4 d6 2. d4 Nf6 3. Nc3 g6 4. Bg5 c6 5. Qd2 b5 6. Bd3 Bg7 7. Bh6 O-O 8. f3 b4
9. Nce2 c5 10. dxc5 dxc5 11. Bxg7 Kxg7 12. e5 Nd5 13. h4 Nc6 14. h5 Rh8 15.
hxg6 hxg6 16. Rxh8 Kxh8 17. Qh6+ Kg8 18. Bxg6 fxg6 19. Qxg6+ Kf8 20. Qxc6 Bf5
21. Qh6+ Kf7 22. O-O-O e6 23. g4 Bxc2 24. Rd2 Bg6 25. Nf4 Qg8 26. Nxd5 exd5 27.
Rxd5 Rd8 28. Rxc5 Ke8 29. Ne2 Bd3 30. Nf4 Qxa2 31. Qh8+ Ke7 32. Rc7+ 1-0

[Event "Open Pasqua"]
[Site "Arco ITA"]
[Date "2014.04.08"]
[Round "3"]
[White "Sprotte, Norbert"]
[Black "Gromovs, Sergejs"]
[WhiteElo "2175"]
[BlackElo "2219"]
[Result "1/2-1/2"]
[PlyCount "167"]
[EventDate "2014.04.06"]

1. d4 d6 2. h3 e5 3. dxe5 dxe5 4. Qxd8+ Kxd8 5. Nf3 f6 6. e4 Be6 7. Be3 Nd7 8.
Nc3 c6 9. Nd2 Bb4 10. Nd1 Ne7 11. a3 Bd6 12. Bc4 Bxc4 13. Nxc4 Bc7 14. a4 Nb6
15. Nxb6 axb6 16. Nc3 Nc8 17. O-O-O+ Ke7 18. Rd3 Rd8 19. Rxd8 Kxd8 20. Rd1+ Ke7
21. b3 Bd6 22. Kb2 Bc5 23. Rd3 Nd6 24. f3 Bxe3 25. Rxe3 g6 26. Re1 Ke6 27. Kc1
Rd8 28. Rd1 f5 29. Rd3 Rf8 30. Re3 Rd8 31. Rd3 Rc8 32. Kb2 h5 33. h4 Rg8 34.
Rd2 Rg7 35. Re2 Nf7 36. Kc1 Nd8 37. Rd2 Ke7 38. Re2 f4 39. Kd1 g5 40. hxg5 Rxg5
41. Ke1 Ne6 42. Kf2 h4 43. Rd2 h3 44. gxh3 Rg3 45. Ne2 Rxh3 46. Kg2 Rh8 47. Rd1
Ng5 48. Rd3 Rh6 49. Ng1 Ne6 50. Ne2 Rg6+ 51. Kf2 Ng5 52. Ng1 Rg8 53. Rd1 Ke6
54. Rd3 c5 55. Rd5 Nh7 56. Ne2 Nf6 57. Rd1 c4 58. bxc4 Rc8 59. Rb1 Nd7 60. Rb4
Kd6 61. Nc3 Kc5 62. Nd5 Rh8 63. Kg2 Rh6 64. c3 Rc6 65. Ne7 Rd6 66. Nd5 Rh6 67.
Kg1 Rc6 68. Ne7 Rd6 69. Nd5 Nb8 70. Kf2 Na6 71. Rb5+ Kxc4 72. Nxb6+ Kxc3 73.
Nd5+ Kd4 74. Rxb7 Nc5 75. Rb4+ Kd3 76. a5 Rh6 77. Kg2 Ra6 78. Rb5 Rg6+ 79. Kf2
Kc4 80. Rb4+ Kd3 81. Rb5 Kc4 82. Rb4+ Kd3 83. Rb5 Kc4 84. Rb4+ 1/2-1/2

[Event "Open Pasqua"]
[Site "Arco ITA"]
[Date "2014.04.08"]
[Round "3"]
[White "Ventura, Sergio"]
[Black "Taufer, Livio"]
[WhiteElo "2100"]
[BlackElo "1684"]
[Result "1-0"]
[PlyCount "39"]
[EventDate "2014.04.06"]

1. Nf3 Nf6 2. g3 g6 3. Bg2 Bg7 4. c4 d6 5. d4 O-O 6. O-O c5 7. Nc3 Nc6 8. d5
Nb8 9. Qc2 Nbd7 10. Bg5 Ng4 11. h3 Nge5 12. Nd2 Nf6 13. e4 h6 14. Bf4 Nfd7 15.
Bxe5 Bxe5 16. f4 Bg7 17. Nf3 e5 18. dxe6 fxe6 19. Rad1 Bxc3 20. bxc3 1-0

[Event "Open Pasqua"]
[Site "Arco ITA"]
[Date "2014.04.09"]
[Round "4"]
[White "De Santis, Alessio"]
[Black "Ventura, Sergio"]
[WhiteElo "2285"]
[BlackElo "2100"]
[Result "1-0"]
[PlyCount "101"]
[EventDate "2014.04.06"]

1. Nf3 Nf6 2. g3 g6 3. b3 Bg7 4. Bb2 d5 5. c4 c6 6. Bg2 O-O 7. O-O Re8 8. d3
Bg4 9. Nbd2 Nbd7 10. h3 Bxf3 11. Nxf3 e5 12. cxd5 Nxd5 13. Nd2 f5 14. b4 Kh8
15. b5 Rb8 16. Qb3 a6 17. a4 Qa5 18. Nc4 Qb4 19. Qxb4 Nxb4 20. Rab1 axb5 21.
axb5 Re6 22. bxc6 bxc6 23. Bc3 Nd5 24. Rxb8+ Nxb8 25. Rb1 Nd7 26. Ba5 h6 27.
Rb7 Nc5 28. Rb8+ Kh7 29. Rc8 e4 30. dxe4 Nxe4 31. e3 Bf6 32. Be1 Bg7 33. Na5
Ne7 34. Rc7 Kg8 35. Bf1 Be5 36. Ra7 Nd6 37. Bb4 Kh8 38. Nc4 Ndc8 39. Ra8 Kh7
40. Bc5 Bf6 41. Bd3 Kg7 42. h4 h5 43. Kg2 Bc3 44. Bc2 Kh7 45. f3 Bf6 46. e4
fxe4 47. Bxe4 Be5 48. Kh3 Nd6 49. Nxe5 Nxe4 50. fxe4 Rxe5 51. Bd4 1-0